000 00600cam a22002171 4500
001 sa 67002755
003 DLC
005 20260227112333.0
008 861023s1964 ii a 000 0 eng
010 _asa 67002755
025 _aPL480:I-E-6795
035 _a(OCoLC)14509698
040 _aDLC
_cWaU
_dWaU
_dDLC
042 _apremarc
050 0 0 _aHC437.O7
_bA517
110 1 _aOrissa (India).
_bBureau of Statistics and Economics.
245 1 0 _aState income of Orissa,
_b1951-52 to 1962-63.
260 _a[Cuttack,
_c1964]
300 _a94 p.
_billus.
_c25 cm.
650 0 _aIncome
_zIndia
_zOrissa.
999 _c73414
_d73414